[Event "Youth Classic 2017 - Youth Open U14"]
[Site "Bad Soden-Neuenhain, Bürgerhau"]
[Date "2017.10.03"]
[Round "9.3"]
[White "Goetz, Fenja"]
[Black "Riemann, Jonas"]
[Result "0-1"]
[WhiteElo "1236"]
[BlackElo "1689"]
[PlyCount "126"]
[EventDate "2017.??.??"]
[WhiteTeam "SK Bad Homburg"]
[BlackTeam "SK Bickenbach"]

1. e4 e6 2. d4 d5 3. exd5 exd5 4. Nf3 Bd6 5. Bd3 Be6 6. O-O Nd7 7. Nc3 c6 8.
Re1 Qc7 9. h3 O-O-O 10. Be3 Ngf6 11. a3 h6 12. b4 g5 13. Kf1 g4 14. Ng1 gxh3
15. Nxh3 Ng4 16. Qb1 Nxe3+ 17. Rxe3 Nb6 18. a4 Nc4 19. Bxc4 dxc4 20. b5 c5 21.
dxc5 Bxc5 22. Rg3 Bxh3 23. Rxh3 Qf4 24. Rf3 Qh4 25. Ne2 Qh1+ 26. Ng1 Rhg8 27.
g3 Qh5 28. Qc1 Rd4 29. a5 Rgd8 30. Qe1 Qd5 31. Rb1 Re4 32. Qc3 h5 33. a6 b6 34.
Qg7 Rd7 35. Qg8+ Kc7 36. Qh8 h4 37. gxh4 Rg4 38. Qc3 Bd4 39. Qa3 c3 40. Qc1
Rxg1+ 41. Kxg1 Qxf3 42. Qf1 Qg4+ 43. Qg2 Bxf2+ 44. Kf1 Qxg2+ 45. Kxg2 Bxh4 46.
Rb3 Rd2+ 47. Kh3 Bf6 48. Rb4 Rd4 49. Rb3 Kd6 50. Ra3 Rb4 51. Ra1 Rxb5 52. Rd1+
Rd5 53. Ra1 Ra5 54. Rxa5 bxa5 55. Kg3 a4 56. Kf3 a3 57. Ke2 a2 58. Ke3 a1=Q 59.
Kf3 Qe1 60. Kg2 Qe3 61. Kh1 Qe2 62. Kg1 Be5 63. Kh1 Qh2# 0-1

[Event "Youth Classic 2017 - Youth Open U14"]
[Site "Bad Soden-Neuenhain, Bürgerhau"]
[Date "2017.10.03"]
[Round "9.4"]
[White "Haack, Kevin"]
[Black "Lorenz, Alexander"]
[Result "0-1"]
[WhiteElo "1655"]
[BlackElo "1539"]
[PlyCount "64"]
[EventDate "2017.??.??"]
[WhiteTeam "SC Bad Soden"]
[BlackTeam "SV Bergwinkel"]

1. c4 Nc6 2. g3 g6 3. e3 e5 4. Bg2 Bg7 5. Ne2 d6 6. d4 exd4 7. exd4 Nf6 8. f4
d5 9. cxd5 Nxd5 10. Nbc3 Nxc3 11. bxc3 Bg4 12. Ba3 Qd7 13. O-O O-O-O 14. Qc2
Bh3 15. Rfb1 Rde8 16. Qb2 b6 17. Qb5 Bxg2 18. Kxg2 h5 19. d5 Na5 20. Qa6+ Kb8
21. Rd1 Re3 22. Rab1 Nb7 23. Kf2 Rhe8 24. Nd4 Bxd4 25. Rxd4 Qg4 26. Rf1 Re2+
27. Kg1 Qh3 28. Rf2 Re1+ 29. Rf1 R8e2 30. Qxe2 Rxe2 31. Rf2 Re1+ 32. Rf1 Rxf1#
0-1

[Event "Youth Classic 2017 - Youth Open U14"]
[Site "Bad Soden-Neuenhain, Bürgerhau"]
[Date "2017.10.03"]
[Round "9.5"]
[White "Gräf, Jakob"]
[Black "Müller, Maurice-Pascal"]
[Result "1/2-1/2"]
[WhiteElo "1268"]
[BlackElo "1403"]
[PlyCount "156"]
[EventDate "2017.??.??"]
[WhiteTeam "SV Frankfurt Nord"]
[BlackTeam "SC Landskrone"]

1. f4 c5 2. Nf3 Nc6 3. b3 g6 4. Bb2 Nf6 5. e3 Bg7 6. Nc3 O-O 7. Be2 d6 8. O-O
e5 9. d3 exf4 10. exf4 Be6 11. Qd2 Nd5 12. Rae1 Qa5 13. Nxd5 Qxd2 14. Nxd2 Bxb2
15. Nc7 Rad8 16. Nxe6 fxe6 17. Bg4 e5 18. fxe5 Rxf1+ 19. Rxf1 Nxe5 20. Be6+ Kg7
21. Nc4 Bd4+ 22. Kh1 Rf8 23. Rxf8 Kxf8 24. Bd5 Ng4 25. h3 Nf2+ 26. Kh2 b6 27.
Kg3 Nd1 28. Kf4 Nc3 29. Be4 Nxe4 30. Kxe4 Ke7 31. g4 Ke6 32. a4 h6 33. Nd2 d5+
34. Kf4 Bf6 35. Nf3 g5+ 36. Kg3 Be5+ 37. Kg2 a6 38. Kf2 Bf4 39. h4 b5 40. axb5
axb5 41. h5 d4 42. Ne1 Kd5 43. Ng2 Bc1 44. Ke2 c4 45. Kd1 Ba3 46. Kd2 Bd6 47.
Kd1 Kc5 48. Kc1 Kb4 49. bxc4 bxc4 50. Ne1 Kc3 51. dxc4 Kxc4 52. Nd3 Kd5 53. Kd2
Ke4 54. Ke2 Bg3 55. Nc5+ Kf4 56. Ne6+ Kxg4 57. Nxd4 Kxh5 58. Kf3 Bb8 59. c4 g4+
60. Kg2 Kg5 61. c5 h5 62. Ne2 h4 63. c6 h3+ 64. Kh1 Kf5 65. Kg1 Ke4 66. Kh1 Ke3
67. Ng1 h2 68. Nf3 g3 69. Nxh2 Kf4 70. Nf1 Kg4 71. Kg2 Kh4 72. Nxg3 Bxg3 73.
Kf3 Bc7 74. Ke4 Kg4 75. Kd5 Kf5 76. Kc5 Ke5 77. Kb5 Kd5 78. Ka6 Kxc6 1/2-1/2

[Event "Youth Classic 2017 - Youth Open U14"]
[Site "Bad Soden-Neuenhain, Bürgerhau"]
[Date "2017.10.03"]
[Round "9.6"]
[White "Gertel, Josef"]
[Black "Schwegler, Jelena"]
[Result "0-1"]
[WhiteElo "1253"]
[BlackElo "1462"]
[PlyCount "68"]
[EventDate "2017.??.??"]
[WhiteTeam "SC Frankfurt-West"]
[BlackTeam "SK Bad Homburg"]

1. e4 e5 2. Nf3 Nc6 3. Bc4 Bc5 4. h3 Nf6 5. d3 h6 6. c3 d6 7. Bb3 Be6 8. Bc2
O-O 9. Nbd2 Ne7 10. Nf1 Ng6 11. Ng3 d5 12. O-O dxe4 13. Nxe4 Nxe4 14. dxe4 Qf6
15. Qd3 Nh4 16. Nxh4 Qxh4 17. Qf3 Rad8 18. Be3 Bxe3 19. fxe3 Rd2 20. Rf2 Rfd8
21. Bb3 Bxb3 22. axb3 Rxf2 23. Qxf2 Qxf2+ 24. Kxf2 Rd2+ 25. Kf3 Rxb2 26. Rxa7
Rxb3 27. h4 f6 28. g3 Kf7 29. c4 h5 30. c5 Rc3 31. Rxb7 Rxc5 32. g4 Kg6 33.
gxh5+ Kxh5 34. Kg3 Rc1 0-1

[Event "Youth Classic 2017 - Youth Open U14"]
[Site "Bad Soden-Neuenhain, Bürgerhau"]
[Date "2017.10.03"]
[Round "9.7"]
[White "Wu, Sifan"]
[Black "Porstendörfer, Yannik"]
[Result "0-1"]
[WhiteElo "1264"]
[BlackElo "1231"]
[PlyCount "112"]
[EventDate "2017.??.??"]
[WhiteTeam "SV Oberursel"]
[BlackTeam "SK Klingenberg"]

1. e4 c5 2. Nf3 Nc6 3. d4 cxd4 4. Nxd4 Nf6 5. Nc3 g6 6. f3 Bg7 7. Be3 d6 8. Qd2
Bd7 9. O-O-O a6 10. g4 Ne5 11. Be2 b5 12. h4 Nc4 13. Bxc4 bxc4 14. h5 Rb8 15.
h6 Bf8 16. Bg5 Qb6 17. b3 cxb3 18. cxb3 Rc8 19. Kb2 a5 20. Bxf6 exf6 21. Nd5
Qa6 22. Nxf6+ Ke7 23. Nd5+ Ke8 24. Rc1 a4 25. Rxc8+ Qxc8 26. Nb6 a3+ 27. Kb1
Qa6 28. Nxd7 Kxd7 29. g5 Be7 30. f4 Rc8 31. Nc2 f6 32. e5 fxg5 33. fxg5 Rf8 34.
Rd1 Rf1 35. e6+ Ke8 36. Rc1 Rxc1+ 37. Qxc1 Qa5 38. Nxa3 Bxg5 39. Nc4 Qf5+ 40.
Qc2 Qxe6 41. a4 Bxh6 42. Qd3 Qe1+ 43. Ka2 Qf2+ 44. Ka3 Bc1+ 45. Kb4 Qc5+ 46.
Kc3 Bf4 47. b4 Be5+ 48. Kb3 Qd4 49. Nxe5 Qxe5 50. a5 Qe6+ 51. Qc4 Qxc4+ 52.
Kxc4 Kd7 53. b5 Kc7 54. Kd5 h5 55. a6 Kb6 56. Kxd6 h4 0-1

[Event "Youth Classic 2017 - Youth Open U14"]
[Site "Bad Soden-Neuenhain, Bürgerhau"]
[Date "2017.10.03"]
[Round "9.8"]
[White "Werner, Rosalie"]
[Black "Albrecht, Edwin"]
[Result "1-0"]
[WhiteElo "1404"]
[BlackElo "952"]
[PlyCount "77"]
[EventDate "2017.??.??"]
[WhiteTeam "VSG Offenbach"]
[BlackTeam "SC Bad Soden"]

1. e4 e5 2. Nf3 Nc6 3. Bb5 Nge7 4. d4 a6 5. Bxc6 Nxc6 6. dxe5 d6 7. exd6 Bxd6
8. O-O O-O 9. Nc3 b6 10. Re1 Re8 11. e5 Bc5 12. Qxd8 Rxd8 13. Be3 Bxe3 14. Rxe3
Nb4 15. Re2 Be6 16. a3 Nc6 17. Ree1 h6 18. Rad1 Re8 19. Nd4 Nxd4 20. Rxd4 Rad8
21. Rxd8 Rxd8 22. Rd1 Re8 23. Nd5 Kf8 24. Nxc7 Rc8 25. Nxe6+ fxe6 26. c3 Kf7
27. Rd6 Rc5 28. Rxb6 Rxe5 29. g3 a5 30. c4 Rc5 31. Rb5 Rxc4 32. Rxa5 Kf6 33. b4
Kg6 34. b5 Rc5 35. a4 Kg5 36. Ra8 Kg4 37. Kg2 Kf5 38. b6 Rc6 39. b7 1-0

[Event "Youth Classic 2017 - Youth Open U14"]
[Site "Bad Soden-Neuenhain, Bürgerhau"]
[Date "2017.10.03"]
[Round "9.9"]
[White "Porstendörfer, Eric"]
[Black "Boder, Finn"]
[Result "1-0"]
[WhiteElo "1253"]
[BlackElo "968"]
[PlyCount "69"]
[EventDate "2017.??.??"]
[WhiteTeam "SK Klingenberg"]
[BlackTeam "SG Mörsdorf-Lahr"]

1. e4 e5 2. Nf3 Nc6 3. Bc4 Bc5 4. O-O Nf6 5. Nc3 d6 6. h3 O-O 7. d3 h6 8. Re1
Be6 9. Bxe6 fxe6 10. Be3 Nd4 11. a3 a5 12. Bxd4 exd4 13. Ne2 e5 14. Ng3 Qd7 15.
Nh4 Qf7 16. Ngf5 Qh5 17. Ng6 Rfe8 18. Qxh5 Nxh5 19. Nge7+ Kf7 20. Nd5 c6 21.
Nc7 g6 22. Nxh6+ Kg7 23. Ng4 Rad8 24. Nxe8+ Rxe8 25. Rab1 d5 26. b4 axb4 27.
axb4 Bd6 28. b5 cxb5 29. Rxb5 dxe4 30. Rxb7+ Kf8 31. Rxe4 Rc8 32. Nxe5 Rxc2 33.
Nxg6+ Kg8 34. Re8+ Bf8 35. Rxf8# 1-0

[Event "Youth Classic 2017 - Youth Open U14"]
[Site "Bad Soden-Neuenhain, Bürgerhau"]
[Date "2017.10.03"]
[Round "9.10"]
[White "Senko, Daniel"]
[Black "Haller, Andreas"]
[Result "1-0"]
[WhiteElo "1229"]
[BlackElo "1033"]
[PlyCount "55"]
[EventDate "2017.??.??"]
[WhiteTeam "SC Bad Soden"]
[BlackTeam "SC Bad Soden"]

1. e4 e5 2. Nf3 Nc6 3. Bc4 Nf6 4. d3 Na5 5. Nbd2 d5 6. exd5 Nxd5 7. O-O Nc6 8.
Re1 Bd6 9. Bxd5 Bg4 10. h3 Bh5 11. Nxe5 Bxe5 12. Bxc6+ bxc6 13. Rxe5+ Kf8 14.
Qxh5 g6 15. Qf3 f6 16. Rc5 Qd6 17. Rxc6 Qd7 18. Qxf6+ Kg8 19. Qe6+ Qxe6 20.
Rxe6 Kf7 21. Rc6 Rhc8 22. Ne4 Rab8 23. b3 Rb6 24. Rxb6 axb6 25. Bb2 Re8 26. Re1
Re5 27. Bxe5 b5 28. Bxc7 1-0

[Event "Youth Classic 2017 - Youth Open U14"]
[Site "Bad Soden-Neuenhain, Bürgerhau"]
[Date "2017.10.03"]
[Round "9.11"]
[White "Fuchs, Henrik"]
[Black "Döhne, Vincent"]
[Result "1/2-1/2"]
[WhiteElo "988"]
[BlackElo "1319"]
[PlyCount "51"]
[EventDate "2017.??.??"]
[WhiteTeam "SC Bad Soden"]
[BlackTeam "SC Hattersheim"]

1. d4 Nf6 2. c4 d6 3. Nf3 g6 4. Nc3 Bg7 5. e3 O-O 6. Bd3 Bg4 7. O-O c5 8. d5
Nbd7 9. b3 Bxf3 10. Qxf3 Ne5 11. Qd1 Nxd3 12. Qxd3 a6 13. a4 Ne4 14. Bb2 Nxc3
15. Bxc3 Bxc3 16. Qxc3 e6 17. e4 e5 18. f3 f5 19. Qd3 Qd7 20. h3 Rab8 21. Rab1
h5 22. Qd2 f4 23. Kh1 g5 24. Rg1 g4 25. Rb2 Kh8 26. Kh2 1/2-1/2

[Event "Youth Classic 2017 - Youth Open U14"]
[Site "Bad Soden-Neuenhain, Bürgerhau"]
[Date "2017.10.03"]
[Round "9.12"]
[White "Rahimova, Sarah"]
[Black "Markosyan, Aleksandr"]
[Result "1-0"]
[WhiteElo "987"]
[BlackElo "1048"]
[PlyCount "59"]
[EventDate "2017.??.??"]
[WhiteTeam "SK Bad Homburg"]
[BlackTeam "SG Idstein"]

1. e4 e5 2. Nf3 Nc6 3. Nc3 Nf6 4. Bc4 Bc5 5. d3 d6 6. Bg5 Be6 7. Bb3 O-O 8. O-O
Qe7 9. Nd5 Bxd5 10. Bxd5 h6 11. Bh4 Rad8 12. c3 Rfe8 13. b4 Bb6 14. a4 a6 15.
b5 axb5 16. axb5 Na7 17. Bxb7 Nxb5 18. Bc6 Nxc3 19. Qc2 Ncxe4 20. Bxe8 Rxe8 21.
dxe4 Qe6 22. Bxf6 Qxf6 23. Ra4 Qg6 24. Rfa1 Re6 25. Ra8+ Kh7 26. Rf8 Rf6 27.
Raa8 Qg4 28. Rh8+ Kg6 29. Kf1 d5 30. Nxe5+ 1-0

[Event "Youth Classic 2017 - Youth Open U14"]
[Site "Bad Soden-Neuenhain, Bürgerhau"]
[Date "2017.10.03"]
[Round "9.13"]
[White "Haller, Christian"]
[Black "Murmann, Jonas"]
[Result "0-1"]
[WhiteElo "1047"]
[BlackElo "916"]
[PlyCount "100"]
[EventDate "2017.??.??"]
[WhiteTeam "SC Bad Soden"]
[BlackTeam "SG Mörsdorf-Lahr"]

1. e4 e6 2. d4 d5 3. e5 c5 4. Nf3 Nc6 5. Bb5 Bd7 6. Be3 Nxe5 7. Nxe5 Bxb5 8.
dxc5 Qc7 9. Nc3 Qxe5 10. Nxb5 Bxc5 11. Qe2 Bxe3 12. Qxe3 Qxe3+ 13. fxe3 Rc8 14.
Nd6+ Kd7 15. Nxc8 Kxc8 16. Rf1 Nf6 17. h3 Kd7 18. g4 Ke7 19. O-O-O h5 20. g5
Ne4 21. h4 Ng3 22. Rf3 Nf5 23. Rh3 Rc8 24. b3 f6 25. gxf6+ gxf6 26. Kb2 b5 27.
Ka3 Rxc2 28. Re1 a5 29. b4 Rc3+ 30. Kb2 axb4 31. Re2 d4 32. Rh1 Ng3 33. Rhe1
Nxe2 34. Rxe2 dxe3 35. Re1 f5 36. Rf1 e2 37. Re1 Re3 38. Kc2 f4 39. Kd2 Kf6 40.
Kc2 f3 41. a3 bxa3 42. Ra1 e1=Q 43. Rxe1 Rxe1 44. Kd2 f2 45. Kc2 f1=Q 46. Kb3
Qc4+ 47. Kxa3 Re3+ 48. Kb2 Qb3+ 49. Kc1 Rh3 50. Kd2 Qa2+ 0-1

[Event "Youth Classic 2017 - Youth Open U14"]
[Site "Bad Soden-Neuenhain, Bürgerhau"]
[Date "2017.10.03"]
[Round "9.14"]
[White "Czinkota, Michael"]
[Black "Koch, Laura"]
[Result "1-0"]
[WhiteElo "1035"]
[BlackElo "774"]
[PlyCount "193"]
[EventDate "2017.??.??"]
[WhiteTeam "SC Bad Soden"]
[BlackTeam "SV Frankfurt Nord"]

1. e4 e5 2. Nf3 Nc6 3. Bc4 Nf6 4. d3 d5 5. exd5 Nxd5 6. d4 e4 7. Ng5 h6 8. Nxe4
Bf5 9. Nbc3 Bb4 10. O-O Nxc3 11. bxc3 Bxe4 12. cxb4 Nxd4 13. Re1 f5 14. Qh5+
Ke7 15. Rxe4+ fxe4 16. Qf7+ Kd6 17. Bf4+ Kc6 18. Qg6+ Kd7 19. Bb5+ Nxb5 20.
Rd1+ Nd6 21. Bxd6 Kc8 22. Qxg7 cxd6 23. Qg4+ Kc7 24. Qxe4 Re8 25. Qc4+ Kb6 26.
h3 Rc8 27. Qd4+ Kc7 28. Qxa7 Re2 29. Qa5+ b6 30. Qa7+ Kc6 31. b5+ Kxb5 32. Rb1+
Kc5 33. Qa3+ Kc6 34. Qf3+ d5 35. Qxe2 Qe8 36. Qb5+ Kd6 37. Qxb6+ Rc6 38. Qb4+
Kc7 39. Qb7+ Kd6 40. Qb4+ Kc7 41. Qa5+ Kd6 42. Rb6 Rxb6 43. Qxb6+ Kd7 44. Qb5+
Ke7 45. Qxd5 Qa4 46. Qc5+ Kd7 47. Qd5+ Kc7 48. Qb3 Qc6 49. Qg3+ Kd8 50. Qh4+
Kc7 51. Qe7+ Kb6 52. Qb4+ Kc7 53. Qf4+ Kd8 54. Qf8+ Kc7 55. Qe7+ Kb6 56. Qd8+
Kb7 57. c4 Qxc4 58. Qe7+ Kb8 59. Qd6+ Kc8 60. Qxh6 Qxa2 61. Qc6+ Kd8 62. Qd6+
Ke8 63. Qg6+ Ke7 64. h4 Qa1+ 65. Kh2 Qa3 66. h5 Qa8 67. Qg5+ Kf8 68. h6 Qb7 69.
Qg6 Qc7+ 70. Qg3 Qd7 71. Qg6 Qe7 72. h7 Qh4+ 73. Kg1 Qd4 74. Qg8+ Ke7 75. h8=Q
Qd1+ 76. Kh2 Qd6+ 77. g3 Kd7 78. Qd8+ Ke6 79. Qxd6+ Kxd6 80. Qe8 Kd5 81. Qe7
Kc6 82. Qd8 Kc5 83. Qd7 Kc4 84. Qd6 Kb5 85. Qc7 Kb4 86. Qc6 Ka5 87. Qb7 Ka4 88.
Qb6 Ka3 89. Qb5 Ka2 90. Qb4 Ka1 91. f4 Ka2 92. Kg2 Ka1 93. Kf2 Ka2 94. Ke2 Ka1
95. Kd2 Ka2 96. Kc2 Ka1 97. Qb2# 1-0

[Event "Youth Classic 2017 - Youth Open U14"]
[Site "Bad Soden-Neuenhain, Bürgerhau"]
[Date "2017.10.03"]
[Round "9.15"]
[White "Moldenhauer, Lennart"]
[Black "Coskun, Eray"]
[Result "1-0"]
[WhiteElo "1272"]
[BlackElo "795"]
[PlyCount "55"]
[EventDate "2017.??.??"]
[WhiteTeam "SV Oberursel"]
[BlackTeam "SC Flörsheim"]

1. e4 e5 2. Nf3 Nc6 3. d4 d6 4. dxe5 Bg4 5. Be2 h6 6. exd6 cxd6 7. Bf4 Nf6 8.
h3 Nh5 9. Bh2 Be6 10. O-O d5 11. exd5 Bxd5 12. Nc3 Nf6 13. Re1 a6 14. Bc4+ Be6
15. Bxe6 fxe6 16. Rxe6+ Be7 17. Qe2 O-O 18. Rd1 Qb6 19. Ne5 Qxb2 20. Nxc6 bxc6
21. Rxc6 Bb4 22. Nb1 Rac8 23. Qc4+ Kh7 24. Rxc8 Rxc8 25. Qxc8 Ne4 26. Qf5+ Kg8
27. Rd8+ Bf8 28. Rxf8# 1-0

[Event "Youth Classic 2017 - Youth Open U14"]
[Site "Bad Soden-Neuenhain, Bürgerhau"]
[Date "2017.10.03"]
[Round "9.16"]
[White "Edelmann, Viktor"]
[Black "Gärtner, Johannes"]
[Result "0-1"]
[WhiteElo "999"]
[BlackElo "878"]
[PlyCount "182"]
[EventDate "2017.??.??"]
[WhiteTeam "SC Frankfurt-West"]
[BlackTeam "SF Heidesheim"]

1. e4 e6 2. d4 d5 3. e5 c5 4. Nf3 Nc6 5. c3 b6 6. Bb5 Bd7 7. Qa4 Nge7 8. Bg5
Qc8 9. Nbd2 c4 10. Ba6 Qc7 11. Bb5 h6 12. Be3 Nf5 13. Bf4 Rd8 14. h3 Na5 15. g4
Ne7 16. Bh2 Bxb5 17. Qxb5+ Qd7 18. Qxd7+ Rxd7 19. b4 Nb7 20. Nb1 b5 21. Na3 a6
22. Nc2 Ng6 23. a4 Nd8 24. axb5 axb5 25. Ra5 Rb7 26. Na3 Nc6 27. Ra8+ Nd8 28.
O-O Be7 29. Ra1 O-O 30. Ra5 Nc6 31. Rxb5 Rxb5 32. Nxb5 Rb8 33. Nc7 Rb7 34. Ra8+
Kh7 35. Na6 Na7 36. Nc5 Bxc5 37. dxc5 Nb5 38. Ra2 Nxc3 39. Rc2 Na4 40. Ra2 Rxb4
41. Nd4 Nxc5 42. Nc6 Rb6 43. Nd8 Nxe5 44. Bxe5 f6 45. Bd4 Rb8 46. Nc6 Rc8 47.
Na7 Rc7 48. Nb5 Rb7 49. Nc3 Nb3 50. Rb2 e5 51. Bc5 Nxc5 52. Rxb7 Nxb7 53. Nxd5
Na5 54. Kf1 g5 55. Nxf6+ Kg7 56. Ne4 Kf7 57. Ke2 Ke6 58. Kd1 Kd5 59. f3 Kd4 60.
Kd2 Nb3+ 61. Kc2 Nc5 62. Nd2 c3 63. Nf1 e4 64. fxe4 Nxe4 65. Nh2 Nf2 66. Nf3+
Ke4 67. Ng1 Kd4 68. Nf3+ Ke3 69. Ng1 Ne4 70. Kd1 Kf2 71. Ne2 Kg2 72. Nxc3 Nxc3+
73. Ke1 Kxh3 74. Kf1 Kxg4 75. Kg2 h5 76. Kh2 Kf4 77. Kg2 g4 78. Kh2 h4 79. Kg2
g3 80. Kh1 Kf3 81. Kg1 g2 82. Kh2 Kf2 83. Kh3 g1=Q 84. Kxh4 Qg2 85. Kh5 Qg3 86.
Kh6 Qg5+ 87. Kh7 Kf3 88. Kh8 Kf4 89. Kh7 Kf5 90. Kh8 Kf6 91. Kh7 Qg7# 0-1

[Event "Youth Classic 2017 - Youth Open U14"]
[Site "Bad Soden-Neuenhain, Bürgerhau"]
[Date "2017.10.03"]
[Round "9.17"]
[White "Gliesche, Joel"]
[Black "Litzinger, Jan"]
[Result "0-1"]
[WhiteElo "732"]
[BlackElo "805"]
[PlyCount "70"]
[EventDate "2017.??.??"]
[WhiteTeam "SG Mörsdorf-Lahr"]
[BlackTeam "SC Flörsheim"]

1. e4 e5 2. Nf3 Nc6 3. Bc4 Bc5 4. d3 Nf6 5. O-O O-O 6. Nc3 d6 7. h3 h6 8. Bd2
a6 9. a3 b5 10. Bd5 Nxd5 11. exd5 Nd4 12. Nxd4 Bxd4 13. Be3 Bxe3 14. fxe3 f5
15. e4 Rb8 16. exf5 Bxf5 17. a4 Qg5 18. axb5 Bxh3 19. Qe2 axb5 20. Nxb5 Rxb5
21. Rxf8+ Kxf8 22. Ra8+ Kf7 23. Qf3+ Kg6 24. Qxh3 Rxb2 25. d4 exd4 26. Rc8 Rxc2
27. Qd3+ Qf5 28. Qxf5+ Kxf5 29. Rf8+ Ke5 30. Kh2 d3 31. Re8+ Kxd5 32. Re3 d2
33. Rd3+ Ke4 34. g4 Kxd3 35. Kh1 d1=Q# 0-1

[Event "Youth Classic 2017 - Youth Open U14"]
[Site "Bad Soden-Neuenhain, Bürgerhau"]
[Date "2017.10.03"]
[Round "9.18"]
[White "Wisniewski, Niklas Lorenz"]
[Black "Moldenhauer, Nils"]
[Result "0-1"]
[WhiteElo "1031"]
[BlackElo "738"]
[PlyCount "42"]
[EventDate "2017.??.??"]
[WhiteTeam "SC Bad Soden"]
[BlackTeam "SV Oberursel"]

1. e4 e5 2. Bc4 Nf6 3. d3 Bc5 4. Nf3 d6 5. Nbd2 Bg4 6. c3 O-O 7. O-O Nc6 8. Qc2
h6 9. b4 Bb6 10. a4 a5 11. Ba3 Nh5 12. h3 Bd7 13. Rfe1 Nf4 14. Nf1 Qf6 15. Ne3
Qg6 16. g4 Nxh3+ 17. Kh2 Bxg4 18. Nxg4 Qxg4 19. Ng1 Nf4 20. f3 Qh4+ 21. Nh3
Qxh3# 0-1

[Event "Youth Classic 2017 - Youth Open U14"]
[Site "Bad Soden-Neuenhain, Bürgerhau"]
[Date "2017.10.03"]
[Round "9.19"]
[White "Stapel, Max"]
[Black "Paukstys, Andrius"]
[Result "0-1"]
[WhiteElo "934"]
[BlackElo "975"]
[PlyCount "124"]
[EventDate "2017.??.??"]
[WhiteTeam "SC Flörsheim"]
[BlackTeam "SC Bad Soden"]

1. e4 e5 2. Nf3 Nc6 3. Bc4 Bc5 4. O-O Nf6 5. Nc3 O-O 6. d3 d6 7. h3 Nd4 8. Bg5
a6 9. Bd5 c6 10. Bc4 b5 11. Bb3 a5 12. a4 b4 13. Ne2 Nxb3 14. cxb3 Bb6 15. Rc1
c5 16. Ng3 Be6 17. Nh5 Rc8 18. Nxf6+ gxf6 19. Bh6 Re8 20. Nd2 f5 21. Qf3 f4 22.
Kh2 Kh8 23. g3 Qf6 24. Qh5 Rg8 25. Rg1 Rg6 26. Qh4 Rxh6 27. Qxf6+ Rxf6 28. gxf4
Rh6 29. f5 Bd7 30. Nf3 Rg8 31. Ng5 Be8 32. Rg3 Rh5 33. Rcg1 Bd8 34. Nxf7+ Bxf7
35. Rxg8+ Bxg8 36. Kg3 Rg5+ 37. Kh2 Rxg1 38. Kxg1 Bxb3 39. Kg2 Bg5 40. Kg3 Bc1
41. f6 Bxb2 42. Kg4 Ba2 43. Kf5 Bc1 44. h4 Bg8 45. Kg4 b3 46. Kf3 b2 47. Ke2
b1=Q 48. Kf1 Qxd3+ 49. Kg2 Be6 50. Kh2 Qf1 51. Kg3 Bf4+ 52. Kf3 c4 53. h5 Bh6
54. f7 Bxf7 55. Kg4 c3 56. f4 c2 57. fxe5 c1=R 58. exd6 Qf2 59. d7 Rg1+ 60. Kh3
Rg8 61. e5 Bf4 62. d8=Q Qh2# 0-1

[Event "Youth Classic 2017 - Youth Open U14"]
[Site "Bad Soden-Neuenhain, Bürgerhau"]
[Date "2017.10.03"]
[Round "9.22"]
[White "Samodurow, Georg"]
[Black "Reinmann, Paul"]
[Result "1-0"]
[WhiteElo "831"]
[BlackElo "744"]
[PlyCount "59"]
[EventDate "2017.??.??"]
[WhiteTeam "SC Bad Soden"]
[BlackTeam "SC Eschborn"]

1. e4 e5 2. Nf3 Nc6 3. Bc4 Bc5 4. c3 d6 5. d4 exd4 6. cxd4 Bb6 7. d5 Ne5 8.
Nxe5 dxe5 9. O-O Nf6 10. Re1 Bg4 11. Qd2 O-O 12. Qg5 Ba5 13. Bd2 h6 14. Qxe5
Re8 15. Qd4 Bb6 16. Qc3 Rxe4 17. Rxe4 Nxe4 18. Qc2 Qf6 19. Be1 Re8 20. Nc3 Nxc3
21. bxc3 Rxe1+ 22. Rxe1 Qxf2+ 23. Qxf2 Bxf2+ 24. Kxf2 c6 25. Bd3 Bd7 26. dxc6
bxc6 27. Re7 g6 28. Rxd7 Kg7 29. Rxa7 h5 30. a4 1-0

[Event "Youth Classic 2017 - Youth Open U14"]
[Site "Bad Soden-Neuenhain, Bürgerhau"]
[Date "2017.10.03"]
[Round "9.23"]
[White "Li, Toplink"]
[Black "Nedilko, Marko"]
[Result "1-0"]
[WhiteElo "767"]
[BlackElo "753"]
[PlyCount "91"]
[EventDate "2017.??.??"]
[WhiteTeam "Frankfurter TV"]
[BlackTeam "SG Mörsdorf-Lahr"]

1. e4 e5 2. Nf3 Nc6 3. Bc4 Bc5 4. c3 Nf6 5. d4 exd4 6. cxd4 Bb6 7. e5 Ne4 8.
Nc3 Nxc3 9. bxc3 d5 10. Bd3 Be6 11. Ng5 g6 12. Nxe6 fxe6 13. Be3 Ba5 14. Qb3 a6
15. O-O Qe7 16. Qxb7 O-O 17. Qxc6 Qe8 18. Qxe8 Rfxe8 19. c4 dxc4 20. Bxc4 Bb6
21. d5 Bxe3 22. fxe3 exd5 23. Bxd5+ Kg7 24. Bxa8 Rxe5 25. e4 c5 26. Rfb1 Kh6
27. Rb6 a5 28. Ra6 c4 29. a4 c3 30. Rc1 Rc5 31. Rc6 Rxc6 32. Bxc6 c2 33. Rxc2
g5 34. e5 Kg7 35. Re2 Kg6 36. e6 h5 37. e7 Kf5 38. e8=Q Kf6 39. h4 g4 40. Qxh5
g3 41. Rb2 Ke6 42. Bd7+ Kxd7 43. Rb7+ Kc6 44. Rb5 Kc7 45. Qh6 Kc8 46. Qh7 1-0